000 00383nam a2200169Ia 4500
008 230711s9999||||xx |||||||||||||| ||und||
020 _a978-84-15492-77-1
041 _aENG
082 _a720
_bBR-S
100 _aBroto,Xavier
245 0 _aStudent residences
250 _a1st Ed.
260 _c2014
_aSpain
_bLinks Books
300 _a299
650 _aArchitecture
942 _cBK
999 _c5734
_d5734